[Event "Hasselbacken Open 2016"]
[Site "Stockholm SWE"]
[Date "2016.05.06"]
[Round "7.40"]
[White "Jakenberg, Jussi"]
[Black "Aronsson, Marten"]
[Result "1/2-1/2"]
[WhiteElo "2036"]
[BlackElo "2304"]
[WhiteFideId "1710931"]
[BlackFideId "1724223"]
[EventDate "2016.04.30"]

1. e4 e5 2. Nf3 Nc6 3. Bc4 Nf6 4. d3 h6 5. O-O d6 6. Re1 g6 7. d4 Bg4 8. Bb5 Nd7
9. Bxc6 bxc6 10. Nbd2 Bg7 11. h3 Be6 12. dxe5 Nxe5 13. Nxe5 Bxe5 14. Nf3 Bg7 15.
e5 O-O 16. Bf4 Bd5 17. Qd3 Qb8 18. c4 Bxf3 19. Qxf3 dxe5 20. Bxe5 Bxe5 21. Rxe5
Qxb2 22. Rae1 Rad8 23. Qxc6 Qxa2 24. Re7 a5 25. Rxc7 Qd2 26. Rce7 Rc8 27. Qb5
Qc3 28. R1e4 Ra8 29. c5 Rac8 30. Rc4 Qd3 31. Re3 Qd1+ 32. Kh2 Qd2 33. Rf3 Qd5
34. Rcc3 Ra8 35. Qb6 a4 36. Qd6 Rfd8 37. Qf4 Rdc8 38. c6 Ra7 39. Rfd3 Qg5 40.
Qf3 Qe7 41. g3 1/2-1/2

[Event "Hasselbacken Open 2016"]
[Site "Stockholm SWE"]
[Date "2016.05.06"]
[Round "7.41"]
[White "Donchenko, Alexander"]
[Black "Zemlicka, Vit"]
[Result "1-0"]
[WhiteTitle "GM"]
[WhiteElo "2573"]
[BlackElo "1970"]
[WhiteFideId "24603295"]
[BlackFideId "303143"]
[EventDate "2016.04.30"]

1. d4 Nf6 2. c4 g6 3. Nf3 Bg7 4. g3 O-O 5. Bg2 d6 6. O-O Nc6 7. Nc3 a6 8. Bf4
Rb8 9. Rc1 Bd7 10. Qd2 b5 11. Nd5 bxc4 12. Nxf6+ Bxf6 13. Rxc4 e5 14. Bh6 Re8
15. dxe5 Nxe5 16. Nxe5 Bxe5 17. b3 Bb5 18. Rcc1 Bf6 19. Be3 Bd7 20. Rfd1 Re7 21.
Bf3 Bc8 22. h4 h5 23. Qd3 Qe8 24. Bc6 Bd7 25. Bd5 Kg7 26. Rxc7 Bb5 27. Rxe7 Qxe7
28. Qc2 Be5 29. Kg2 Bd7 30. Bg5 Bf6 31. Bxf6+ Qxf6 32. Qc7 Rd8 33. e3 Bg4 34.
Rd4 Rd7 35. Qc6 Qd8 36. Qxa6 Qb8 37. a4 Bd1 1-0

[Event "Hasselbacken Open 2016"]
[Site "Stockholm SWE"]
[Date "2016.05.06"]
[Round "7.42"]
[White "Lappalainen, Tommy"]
[Black "Anurag, Mhamal"]
[Result "0-1"]
[BlackTitle "IM"]
[WhiteElo "2138"]
[BlackElo "2421"]
[WhiteFideId "1705652"]
[BlackFideId "5024366"]
[EventDate "2016.04.30"]

1. e3 Nf6 2. b3 g6 3. Bb2 Bg7 4. f4 O-O 5. Nf3 d6 6. Be2 Nc6 7. Qc1 e5 8. fxe5
Nxe5 9. Nxe5 dxe5 10. O-O Nd5 11. Nc3 c6 12. Rb1 f5 13. Nxd5 cxd5 14. Qd1 Be6
15. c4 Rc8 16. cxd5 Bxd5 17. Rc1 Qa5 18. a3 Rxc1 19. Qxc1 Bxb3 20. Bc4+ Bxc4 21.
Qxc4+ Kh8 22. Bc3 Qd8 23. Rb1 b6 24. Rb5 f4 25. Rd5 Qh4 26. g3 Qg4 27. exf4 exf4
28. Bxg7+ Kxg7 29. Qd4+ Kh6 30. Re5 Rf7 31. Re1 Qd7 32. Qxd7 Rxd7 33. gxf4 Rxd2
34. Re7 a5 35. Rb7 Rb2 36. Kh1 a4 37. Kg1 b5 38. Kh1 b4 39. axb4 a3 40. Ra7 a2 0-1

[Event "Hasselbacken Open 2016"]
[Site "Stockholm SWE"]
[Date "2016.05.06"]
[Round "7.43"]
[White "Levushkina, Elena"]
[Black "Tolhuizen, Ludo"]
[Result "1/2-1/2"]
[WhiteTitle "WGM"]
[WhiteElo "2336"]
[BlackElo "2132"]
[WhiteFideId "14200686"]
[BlackFideId "1000802"]
[EventDate "2016.04.30"]

1. e4 e6 2. d4 d5 3. Nd2 Nf6 4. e5 Nfd7 5. Bd3 c5 6. c3 Nc6 7. Ne2 cxd4 8. cxd4
Qb6 9. Nf3 f6 10. exf6 Nxf6 11. O-O Bd6 12. b3 O-O 13. Bb2 Bd7 14. Ng3 Kh8 15.
Bb1 Qc7 16. Qc2 e5 17. dxe5 Nxe5 18. Nxe5 Bxe5 19. Qxc7 Bxc7 20. Bd4 Rfe8 21.
Bd3 Ne4 22. Ne2 Bd6 23. Rac1 b6 24. Nc3 Nxc3 25. Rxc3 Rac8 26. Rxc8 Rxc8 27. Rd1
Kg8 28. h3 g6 29. Bb2 Be6 30. Kf1 Kf7 31. Re1 Ke7 32. Re3 Bc5 33. Rf3 Rf8 34.
Rxf8 Kxf8 35. Ke2 Ke7 36. f4 a5 37. g4 Bd7 38. Kf3 Kf7 39. Kg3 a4 40. bxa4 Bxa4
41. f5 Be7 42. h4 Bd6+ 43. Kf2 Bc5+ 44. Kf3 Bd1+ 45. Kf4 Bd6+ 46. Kg5 Be7+ 47.
Kh6 Bxg4 48. fxg6+ hxg6 49. Bxg6+ Ke6 50. h5 Bf6 51. Bc1 Bc3 52. Kg5 Be2 53. h6
b5 54. a3 Bf6+ 55. Kf4 Be5+ 56. Ke3 Bc4 57. h7 Bh8 58. Kf3 Kf6 59. Bc2 d4 60.
Be4 Be6 61. Kf4 Ke7 62. Kg5 Bc4 63. Bd2 Bf6+ 64. Kg6 Bf7+ 65. Kh6 Bh8 66. Kg5
Bf6+ 67. Kf4 Be6 68. Bg6 Kf8 69. Bd3 Kg7 70. Bxb5 Kxh7 71. a4 Kg6 72. Ke4 Kf7
73. Bf4 Bd8 74. Kxd4 Bb3 75. Kc5 Bxa4 1/2-1/2

[Event "Hasselbacken Open 2016"]
[Site "Stockholm SWE"]
[Date "2016.05.06"]
[Round "7.44"]
[White "Koepke, Christian"]
[Black "Eriksson, Jon"]
[Result "0-1"]
[WhiteTitle "IM"]
[WhiteElo "2313"]
[BlackElo "2130"]
[WhiteFideId "4655737"]
[BlackFideId "503894"]
[EventDate "2016.04.30"]

1. e4 Nf6 2. e5 Nd5 3. d4 d6 4. Nf3 dxe5 5. Nxe5 c6 6. Be2 Nd7 7. Nf3 g6 8. O-O
Bg7 9. c4 N5f6 10. Nc3 O-O 11. Bf4 Re8 12. h3 Nf8 13. Re1 Ne6 14. Be3 Qc7 15.
Qd2 Rd8 16. Rad1 Bd7 17. Qc1 Qc8 18. Bf1 Be8 19. b4 Nc7 20. Bh6 Ne6 21. Qe3 Bxh6
22. Qxh6 a5 23. a3 axb4 24. axb4 Ra3 25. Re3 Ng7 26. g4 Nxg4 27. Qf4 Nxe3 28.
Qxe3 Nf5 29. Qc1 Rb3 30. h4 Qa8 31. Rd3 Qa3 32. Qe1 Qxb4 33. Bh3 Bd7 34. Ne5 Bc8
35. Qd2 f6 36. Ng4 Kg7 37. h5 gxh5 38. Ne3 Nxe3 39. Qxe3 Bxh3 40. Qxh3 Kh8 41.
Rg3 Rg8 42. Rxg8+ Kxg8 43. Qe6+ Kf8 44. Ne4 Qe1+ 45. Kg2 Qe2 46. Qc8+ Kg7 0-1

[Event "Hasselbacken Open 2016"]
[Site "Stockholm SWE"]
[Date "2016.05.06"]
[Round "7.45"]
[White "Aroven, Mikael"]
[Black "Ziegler, Ari"]
[Result "0-1"]
[BlackTitle "IM"]
[WhiteElo "2150"]
[BlackElo "2296"]
[WhiteFideId "1709534"]
[BlackFideId "1700987"]
[EventDate "2016.04.30"]

1. Nf3 g6 2. d3 Bg7 3. e4 c5 4. g3 Nc6 5. Bg2 d6 6. O-O Nf6 7. Re1 O-O 8. h3 e5
9. Nc3 h6 10. Nd2 Be6 11. Nc4 d5 12. exd5 Nxd5 13. Bd2 Re8 14. Ne3 Nxc3 15. Bxc3
Qd7 16. Kh2 b5 17. Ng4 Bd5 18. Bxd5 Qxd5 19. Ne3 Qd7 20. Qf3 b4 21. Bd2 Rad8 22.
Red1 f5 23. Qg2 f4 24. Nc4 g5 25. c3 Rf8 26. Be1 f3 27. Qf1 h5 28. Bd2 Qe7 29.
Be3 Rd7 30. Nd2 bxc3 31. bxc3 Nd8 32. Ne4 Ne6 33. Rab1 h4 34. g4 Rfd8 35. a4 Rc8
36. Qh1 Rf8 37. Rb5 Rc7 38. a5 Qd7 39. Rbb1 c4 40. Qf1 Qc6 41. Nxg5 Nf4 42. Bxf4
Rxf4 43. Rb8+ Bf8 44. Qe1 Re7 45. Qe3 Qc7 46. Rdb1 e4 47. R1b7 Qd6 48. d4 Rxb7 0-1

[Event "Hasselbacken Open 2016"]
[Site "Stockholm SWE"]
[Date "2016.05.06"]
[Round "7.46"]
[White "Lundin, Jan"]
[Black "Ozen, Deniz"]
[Result "0-1"]
[WhiteTitle "FM"]
[BlackTitle "FM"]
[WhiteElo "2275"]
[BlackElo "2139"]
[WhiteFideId "1706896"]
[BlackFideId "6349196"]
[EventDate "2016.04.30"]

1. e4 e6 2. d4 d5 3. Nc3 Nf6 4. Bg5 Bb4 5. e5 h6 6. Bd2 Bxc3 7. bxc3 Ne4 8. Bc1
O-O 9. Bd3 Nxc3 10. Qh5 f5 11. g4 Qe8 12. Qxe8 Rxe8 13. gxf5 exf5 14. f3 c5 15.
dxc5 Rxe5+ 16. Kd2 d4 17. Ba3 Nc6 18. Nh3 Bd7 19. Rhg1 Rae8 20. Nf4 Kh7 21. Raf1
g5 22. Nh5 Kg6 23. Nf4+ Kf6 24. Nh5+ Kf7 25. f4 Re2+ 26. Bxe2 Rxe2+ 27. Kc1 d3 0-1

[Event "Hasselbacken Open 2016"]
[Site "Stockholm SWE"]
[Date "2016.05.06"]
[Round "7.48"]
[White "Nygren, Kim"]
[Black "Bit-Narva, David"]
[Result "1-0"]
[WhiteElo "2267"]
[BlackElo "2127"]
[WhiteFideId "1706136"]
[BlackFideId "24128856"]
[EventDate "2016.04.30"]

1. d4 g6 2. c4 Bg7 3. Nc3 Nf6 4. e4 O-O 5. Nf3 d6 6. Be2 Nbd7 7. O-O e5 8. Be3
c6 9. h3 exd4 10. Nxd4 Re8 11. Qc2 Qe7 12. f3 Nh5 13. Rad1 Nf8 14. Qd2 Be5 15.
f4 Bxd4 16. Bxd4 Ng3 17. Rfe1 Nxe2+ 18. Rxe2 Be6 19. b3 f5 20. exf5 gxf5 21.
Rde1 Qd7 22. Nd1 Bf7 23. Bb2 Rxe2 24. Rxe2 Bh5 25. g4 fxg4 26. Qd4 Ng6 27. f5
gxh3 28. fxg6 Qg4+ 29. Qxg4 Bxg4 30. gxh7+ Kxh7 31. Re7+ Kh6 32. Nf2 Bf5 33. Kh2
d5 34. Nxh3 dxc4 35. bxc4 Rd8 36. Bc1+ Kg6 37. Nf4+ Kf6 38. Rxb7 Rd1 39. Be3 Re1
40. Bd4+ Kg5 41. Kg3 Re4 42. Rg7+ Kh6 43. Bf6 Rxc4 44. Rg5 1-0

[Event "Hasselbacken Open 2016"]
[Site "Stockholm SWE"]
[Date "2016.05.06"]
[Round "7.49"]
[White "Hess, Christian1"]
[Black "Yapar, Nedim"]
[Result "1/2-1/2"]
[WhiteTitle "FM"]
[WhiteElo "2241"]
[BlackElo "2068"]
[WhiteFideId "4605969"]
[BlackFideId "6307590"]
[EventDate "2016.04.30"]

1. Nf3 d5 2. d4 Nf6 3. c4 e6 4. e3 a6 5. b3 c5 6. Bb2 Nc6 7. Nbd2 cxd4 8. exd4
Bd6 9. Bd3 O-O 10. O-O b6 11. Qe2 dxc4 12. bxc4 Bb7 13. Rad1 b5 14. Ne5 Nb4 15.
Bb1 bxc4 16. Ndxc4 Rc8 17. Bc3 Nbd5 18. Ba5 Bc7 19. Bd2 Ne7 20. Bg5 Nf5 21. d5
Bxd5 22. Bxf5 exf5 23. Ne3 Bxe5 24. Nxd5 Qe8 25. Qxa6 Ra8 26. Qc4 Ra4 27. Qb3
Nxd5 28. Rxd5 Re4 29. Qd3 h6 30. Be3 Qe6 31. a3 Bf6 32. g3 Ra8 33. Rd1 Rc8 34.
Rc5 Rb8 1/2-1/2

[Event "Hasselbacken Open 2016"]
[Site "Stockholm SWE"]
[Date "2016.05.06"]
[Round "7.50"]
[White "Braathen, Tom"]
[Black "Wikner, Arvid"]
[Result "0-1"]
[WhiteElo "2078"]
[BlackElo "2241"]
[WhiteFideId "1702017"]
[BlackFideId "1702262"]
[EventDate "2016.04.30"]

1. e4 c5 2. Nf3 e6 3. d4 cxd4 4. Nxd4 a6 5. Nc3 Qc7 6. Be2 b5 7. O-O Bb7 8. Bf3
Nc6 9. Re1 Bd6 10. g3 Nxd4 11. Qxd4 Be5 12. Qd3 Rc8 13. Be3 b4 14. Na4 Qxc2 15.
Qxc2 Rxc2 16. Nc5 Bc8 17. Nd3 f6 18. Nxe5 fxe5 19. Rac1 Rxc1 20. Rxc1 Ne7 21.
Bc5 Nc6 22. Bxb4 Bb7 23. Bc5 Kf7 24. Rd1 Nd4 25. Bxd4 exd4 26. Rxd4 Ke7 27. Be2
Rc8 28. Rc4 Rxc4 29. Bxc4 Kd6 30. f3 Kc5 31. Bb3 Kd4 32. Kf2 Kd3 33. Ke1 Ke3 34.
Bd1 d5 35. exd5 exd5 36. f4 d4 37. f5 Be4 38. g4 d3 39. h3 Bg2 0-1

[Event "Hasselbacken Open 2016"]
[Site "Stockholm SWE"]
[Date "2016.05.06"]
[Round "7.52"]
[White "Seo, Jung Min"]
[Black "Eriksson, Jorgen"]
[Result "0-1"]
[WhiteElo "2045"]
[BlackElo "2231"]
[WhiteFideId "1734687"]
[BlackFideId "1701967"]
[EventDate "2016.04.30"]

1. c4 Nf6 2. g3 g6 3. Bg2 Bg7 4. Nc3 d6 5. d3 Nc6 6. Bd2 e5 7. Qc1 h6 8. Nf3 Be6
9. h3 Qd7 10. Nh4 g5 11. Nf3 Nh5 12. Nd5 f5 13. Bc3 Nd8 14. g4 Bxd5 15. gxh5 Bf7
16. b3 Bxh5 17. Qb2 Ne6 18. e3 c6 19. b4 O-O 20. Nd2 f4 21. Nb3 Rae8 22. e4 c5
23. f3 b6 24. b5 Nd4 25. Rf1 Bf7 26. a4 Be6 27. Rh1 h5 28. Nxd4 exd4 29. Bd2 d5
30. cxd5 Bxd5 31. Kf2 Be6 32. Rac1 Be5 33. Bf1 Kf7 34. Rh2 Rg8 35. Qc2 Rg7 36.
Re1 Reg8 37. Qc1 Ke7 38. Rh1 Qd6 39. a5 Qd7 40. axb6 axb6 41. Qb2 Ra8 42. Ra1
Rxa1 43. Qxa1 Qxb5 44. Be2 Qd7 45. Qb2 Qc7 46. Bd1 Kf6 47. Be2 Rg8 48. Qc1 Ra8
49. Qd1 Ra2 50. Kf1 c4 51. dxc4 Bxc4 52. Qc1 d3 0-1

[Event "Hasselbacken Open 2016"]
[Site "Stockholm SWE"]
[Date "2016.05.06"]
[Round "7.53"]
[White "Henderson de La Fuente, Lance"]
[Black "Wahlund, Max"]
[Result "1-0"]
[WhiteElo "2224"]
[BlackElo "2023"]
[WhiteFideId "32096585"]
[BlackFideId "1741861"]
[EventDate "2016.04.30"]

1. e4 e6 2. d4 d5 3. Nd2 Be7 4. Ngf3 Nf6 5. Bd3 dxe4 6. Nxe4 b6 7. Nxf6+ gxf6 8.
Be4 c6 9. Bf4 Bb7 10. Qe2 Bd6 11. Bg3 Qc7 12. c4 Nd7 13. d5 e5 14. O-O Nc5 15.
dxc6 Bxc6 16. Bxc6+ Qxc6 17. Nd4 Qe4 18. Qxe4 Nxe4 19. Rfe1 Nxg3 20. hxg3 Bb4
21. Re2 O-O-O 22. Nc6 Rd2 23. Rxd2 Bxd2 24. Nxa7+ Kb7 25. Rd1 Rd8 26. Nb5 f5 27.
Kf1 Kc6 28. Ke2 Bg5 29. Rxd8 Bxd8 30. f3 Kc5 31. b3 h5 32. Kd3 Kc6 33. Nc3 Kc5
34. Nd5 Bg5 35. b4+ Kc6 36. a4 h4 37. gxh4 Bxh4 38. Ne3 Be1 39. b5+ Kc5 40. Nxf5
Kb4 41. Nd6 f6 42. Ne4 f5 43. Nd6 f4 44. Nf7 Bc3 45. a5 bxa5 46. b6 Bd4 47. b7
Ba7 48. Nxe5 Kc5 49. Nd7+ Kc6 50. b8=Q Bxb8 51. Nxb8+ Kc7 52. c5 Kxb8 53. Kc4 1-0

[Event "Hasselbacken Open 2016"]
[Site "Stockholm SWE"]
[Date "2016.05.06"]
[Round "7.54"]
[White "Lorscheid, Gerhard"]
[Black "Pajeken, Jakob Leon"]
[Result "1-0"]
[WhiteTitle "FM"]
[WhiteElo "2214"]
[BlackElo "2065"]
[WhiteFideId "4606000"]
[BlackFideId "12942839"]
[EventDate "2016.04.30"]

1. Nf3 d5 2. g3 g6 3. Bg2 Bg7 4. O-O e6 5. d3 Ne7 6. Nbd2 O-O 7. e4 c5 8. Re1
Nbc6 9. e5 Qc7 10. Qe2 Nf5 11. c3 b6 12. Nf1 Ba6 13. Bf4 Rad8 14. g4 Nfe7 15.
Qd2 d4 16. c4 b5 17. b3 bxc4 18. bxc4 Qa5 19. Qxa5 Nxa5 20. N1d2 Rb8 21. Ne4
Rbc8 22. Bg5 Rfe8 23. Nd6 Nec6 24. Nxe8 Rxe8 25. Bd2 Rb8 26. Rab1 Nb7 27. Rb3
Nbd8 28. Reb1 Rc8 29. Bg5 h6 30. Bxd8 Rxd8 31. Ra3 Rb8 32. Rxb8+ Nxb8 33. Ra5 1-0

[Event "Hasselbacken Open 2016"]
[Site "Stockholm SWE"]
[Date "2016.05.06"]
[Round "7.55"]
[White "Carlsten, Peter"]
[Black "Poulopoulos, Ioannis"]
[Result "0-1"]
[WhiteElo "2064"]
[BlackElo "2214"]
[WhiteFideId "1705067"]
[BlackFideId "4218078"]
[EventDate "2016.04.30"]

1. e4 c5 2. Nf3 d6 3. Bb5+ Nd7 4. d4 cxd4 5. Qxd4 a6 6. Bc4 Ngf6 7. O-O e5 8.
Qe3 h6 9. Nc3 Be7 10. a3 O-O 11. Nh4 Nb6 12. Bb3 Ng4 13. Qe2 Bxh4 14. h3 Nf6 15.
g3 Bg5 16. f4 exf4 17. gxf4 Bh4 18. e5 dxe5 19. fxe5 Nh7 20. Rd1 Qe7 21. Be3 Nd7
22. Bd4 Nc5 23. Bxc5 Qxc5+ 24. Kh2 Qf2+ 0-1

[Event "Hasselbacken Open 2016"]
[Site "Stockholm SWE"]
[Date "2016.05.06"]
[Round "7.56"]
[White "Kyrkjebo, Hanna B."]
[Black "Tuomainen, Felix"]
[Result "0-1"]
[WhiteElo "1969"]
[BlackElo "2205"]
[WhiteFideId "1511599"]
[BlackFideId "1720813"]
[EventDate "2016.04.30"]

1. e4 d5 2. exd5 Qxd5 3. Nc3 Qa5 4. d4 Nf6 5. Bc4 c6 6. Bd2 Bf5 7. Qe2 Qc7 8. d5
g6 9. Nf3 Bg7 10. dxc6 bxc6 11. O-O O-O 12. Bb3 Re8 13. Rfe1 Nbd7 14. h3 Nb6 15.
Bg5 Nfd5 16. Nxd5 cxd5 17. c3 a5 18. Bc2 Bxc2 19. Qxc2 e5 20. Qc1 a4 21. Bh6
Rac8 22. Bxg7 Kxg7 23. a3 Nc4 24. Nd2 e4 25. Nxc4 Qxc4 26. Qe3 Rb8 27. Re2 Rb5
28. Rd2 Reb8 29. Rad1 Rxb2 30. Rxd5 Rb1 31. Kh2 Rxd1 32. Rxd1 Rb3 33. Qf4 Qxc3
34. Qxe4 Rxa3 35. Rd4 Qc7+ 36. g3 Ra2 37. Kg2 a3 38. Ra4 Qb6 39. Qf3 Rxf2+ 40.
Qxf2 Qc6+ 41. Qf3 Qxa4 42. Qc3+ f6 43. Qc7+ Kh6 44. Qc1+ g5 45. Qc8 Qe4+ 46. Kf2
Qe7 47. Qa8 Kg7 48. g4 Qc5+ 49. Kf3 Qc3+ 50. Kg2 Qb2+ 51. Kf3 Qb3+ 52. Kg2 a2
53. Qa7+ Qf7 54. Qa8 Kh6 55. Qa3 Qd5+ 56. Kg3 a1=Q 57. Qxa1 Qe5+ 58. Qxe5 fxe5
59. Kf3 Kg6 60. Ke4 Kf6 61. Kd5 h6 62. Ke4 Ke6 63. Ke3 Kd5 64. Kd3 e4+ 65. Ke3
Ke5 66. Ke2 Kf4 67. Kf2 e3+ 68. Ke2 Kg3 69. Kxe3 Kxh3 70. Kf3 Kh4 0-1

[Event "Hasselbacken Open 2016"]
[Site "Stockholm SWE"]
[Date "2016.05.06"]
[Round "7.57"]
[White "Brzezinski, Adam"]
[Black "Alquist, Erik"]
[Result "1-0"]
[WhiteElo "2203"]
[BlackElo "2046"]
[WhiteFideId "1710460"]
[BlackFideId "1707701"]
[EventDate "2016.04.30"]

1. d4 Nf6 2. c4 g6 3. Nc3 Bg7 4. e4 d6 5. Nf3 O-O 6. Be2 e5 7. O-O Nc6 8. Be3
Ng4 9. Bg5 f6 10. Bc1 f5 11. Bg5 Qe8 12. d5 Ne7 13. Nd2 Nf6 14. f3 c5 15. dxc6
bxc6 16. b4 Be6 17. b5 d5 18. bxc6 dxe4 19. fxe4 Qxc6 20. Nd5 Qd7 21. Nf3 Nc6
22. exf5 Bxf5 23. Rc1 Rae8 24. Nh4 Ne4 25. Nxf5 Rxf5 26. Rxf5 Qxf5 27. Be3 Nf6
28. Qa4 Qc8 29. Rf1 Nxd5 30. cxd5 Nd4 31. Bc4 Rf8 32. d6+ Kh8 33. d7 Rxf1+ 34.
Bxf1 Qc7 35. Bg5 Ne6 36. d8=Q+ 1-0

[Event "Hasselbacken Open 2016"]
[Site "Stockholm SWE"]
[Date "2016.05.06"]
[Round "7.59"]
[White "Risting, Eivind Olav"]
[Black "Subramanian, Aditya"]
[Result "1-0"]
[WhiteTitle "FM"]
[WhiteElo "2175"]
[BlackElo "2002"]
[WhiteFideId "1517333"]
[BlackFideId "1718924"]
[EventDate "2016.04.30"]

1. d4 Nf6 2. c4 e6 3. Nc3 Bb4 4. Qc2 O-O 5. Nf3 c5 6. dxc5 Na6 7. g3 Nxc5 8. Bg2
Nce4 9. O-O Nxc3 10. bxc3 Be7 11. e4 d6 12. e5 dxe5 13. Nxe5 Qc7 14. Qe2 Nd7 15.
Bf4 Bd6 16. Rfe1 Nxe5 17. Bxe5 Bxe5 18. Qxe5 Qxc4 19. Rad1 f6 20. Qd6 Rf7 21.
Qd8+ Rf8 22. Qa5 a6 23. Rd8 Qb5 24. Qc7 Rxd8 25. Qxd8+ Kf7 26. Rd1 Qe8 27. Qc7+
Qe7 28. Qb6 a5 29. Bf1 Bd7 30. Qxb7 Ba4 31. Qxa8 Bxd1 32. Qxa5 Bf3 33. c4 Qd7
34. Qb5 Qd1 35. c5 Bd5 36. Qd3 Qxd3 37. Bxd3 Bxa2 38. Kf1 e5 39. Ke2 Ke6 40.
Bxh7 Bc4+ 41. Ke3 Kd5 42. Bg8+ Kxc5 43. Bxc4 Kxc4 44. Ke4 g6 45. g4 Kc5 46. g5
Kd6 47. gxf6 Ke6 48. f7 Kxf7 49. Kxe5 Ke7 50. Kf4 Kf6 51. h4 Kg7 52. Kg5 Kf7 53.
h5 gxh5 54. Kxh5 Kf6 55. Kg4 Kg6 56. Kf4 Kf6 57. f3 1-0

[Event "Hasselbacken Open 2016"]
[Site "Stockholm SWE"]
[Date "2016.05.06"]
[Round "7.60"]
[White "Hammar, Bengt"]
[Black "Crevatin, Leo"]
[Result "1/2-1/2"]
[WhiteTitle "FM"]
[WhiteElo "2168"]
[BlackElo "1934"]
[WhiteFideId "1700391"]
[BlackFideId "1726307"]
[EventDate "2016.04.30"]

1. e4 c5 2. Nf3 Nc6 3. d4 cxd4 4. Nxd4 Nf6 5. Nc3 e5 6. Ndb5 d6 7. a4 a6 8. Na3
Be6 9. Bg5 Rb8 10. Bc4 Be7 11. Bxf6 Bxf6 12. O-O O-O 13. Nd5 Bg5 14. c3 Kh8 15.
g3 Bh6 16. Qe2 g6 17. Ne3 Qe7 18. Rfd1 f5 19. Bxe6 Qxe6 20. Nd5 f4 21. f3 fxg3
22. hxg3 Bg5 23. Kg2 Rf7 24. Rd3 Rbf8 25. b4 Ne7 26. Rf1 Nxd5 27. Rxd5 Rc7 28.
Qd3 Rfc8 29. c4 Be7 30. a5 Rb8 31. Qe3 Rbc8 32. Rfd1 Qf6 33. Rc1 Qg5 34. Qxg5
Bxg5 35. Rb1 Be7 36. Kf2 Kg7 37. Ke2 h5 38. Rh1 Kf7 39. f4 exf4 40. gxf4 Bf6 41.
f5 Bb2 42. fxg6+ Kg7 43. Nb1 Rxc4 44. Nd2 Rxb4 45. Rxd6 Rc6 46. Rxc6 bxc6 47.
Rxh5 1/2-1/2

[Event "Hasselbacken Open 2016"]
[Site "Stockholm SWE"]
[Date "2016.05.07"]
[Round "8.1"]
[White "Andreikin, Dmitry"]
[Black "Vidit, Santosh Gujrathi"]
[Result "1/2-1/2"]
[WhiteTitle "GM"]
[BlackTitle "GM"]
[WhiteElo "2736"]
[BlackElo "2648"]
[WhiteFideId "4158814"]
[BlackFideId "5029465"]
[EventDate "2016.04.30"]

1. d4 Nf6 2. Bg5 d5 3. e3 c5 4. Nc3 Nc6 5. dxc5 e6 6. Nf3 Bxc5 7. Bd3 h6 8. Bh4
g5 9. Bg3 Nh5 10. Be5 Nxe5 11. Nxe5 Nf6 12. h4 Bd6 13. Ng4 h5 14. Bb5+ Bd7 15.
Nxf6+ Qxf6 16. hxg5 Qxg5 17. Qd4 Be5 18. Bxd7+ Kxd7 19. Qb4 Kc8 20. O-O-O Qxg2
21. Rxh5 Rxh5 22. Qf8+ Kc7 23. Qxf7+ Kc6 24. Qxh5 Bxc3 25. bxc3 Qxf2 26. Qe5 Qf5
27. Qd4 Qe4 28. Qxe4 dxe4 29. Rd4 Rh8 30. Rxe4 Rh1+ 31. Kd2 Kd6 32. Rd4+ Kc6 33.
Rc4+ Kd6 34. Rd4+ Kc6 35. Kd3 Rh5 36. Rc4+ Kd6 37. Rd4+ Kc6 38. Ra4 a6 39. Rc4+
Kd6 40. Rd4+ Kc6 41. Rc4+ 1/2-1/2

[Event "Hasselbacken Open 2016"]
[Site "Stockholm SWE"]
[Date "2016.05.07"]
[Round "8.2"]
[White "Smirin, Ilia"]
[Black "Van Foreest, Jorden"]
[Result "1/2-1/2"]
[WhiteTitle "GM"]
[BlackTitle "GM"]
[WhiteElo "2665"]
[BlackElo "2551"]
[WhiteFideId "2801990"]
[BlackFideId "1039784"]
[EventDate "2016.04.30"]

1. e4 e5 2. Nf3 Nc6 3. Bb5 a6 4. Ba4 g6 5. c3 d6 6. d4 Bd7 7. O-O Bg7 8. d5 Nce7
9. Bxd7+ Qxd7 10. c4 h6 11. Nc3 f5 12. Nd2 Nf6 13. f3 O-O 14. b4 c6 15. a4 Rac8
16. Qb3 Kh7 17. a5 fxe4 18. Ndxe4 Nf5 19. Qa4 Nxe4 20. Nxe4 Qc7 21. Bd2 cxd5 22.
cxd5 Qc4 23. Rfd1 Nh4 24. Qd7 Rxf3 25. Qg4 Rd3 26. Qxh4 Qd4+ 27. Kh1 Rxd2 28.
Qe1 Rd3 29. Nxd6 Rd8 30. Rxd3 Qxd3 31. Nxb7 Rxd5 32. Nc5 Qb5 33. Rc1 Rd4 34. Rb1
Qc4 35. h3 e4 36. Nb3 Rd3 37. Nc5 Rd4 38. Nb3 Rd3 1/2-1/2

[Event "Hasselbacken Open 2016"]
[Site "Stockholm SWE"]
[Date "2016.05.07"]
[Round "8.3"]
[White "Tkachiev, Vladislav"]
[Black "Maze, Sebastien"]
[Result "1-0"]
[WhiteTitle "GM"]
[BlackTitle "GM"]
[WhiteElo "2660"]
[BlackElo "2617"]
[WhiteFideId "618438"]
[BlackFideId "613762"]
[EventDate "2016.04.30"]

1. Nf3 Nf6 2. c4 e6 3. d4 d5 4. e3 c5 5. Nc3 Nc6 6. cxd5 exd5 7. Bb5 Bd7 8. O-O
a6 9. Bxc6 Bxc6 10. b3 Bd6 11. dxc5 Bxc5 12. Ne5 Rc8 13. Bb2 O-O 14. Nxc6 Rxc6
15. Rc1 Ba7 16. Ne2 Rxc1 17. Qxc1 Ne4 18. f3 Nf6 19. Rd1 Re8 20. Bd4 Bxd4 21.
Nxd4 Qe7 22. Rd3 h5 23. Rc3 g6 24. Rc8 Rxc8 25. Qxc8+ Qe8 26. Qc3 Qe5 27. h3 Kg7
28. Kf2 Qd6 29. Ne2 Kh7 30. Qd4 Qc6 31. Nc3 Kg8 32. g4 hxg4 33. hxg4 Qd6 34. Kg2
Qe7 35. Kf1 Qe6 36. Ke2 Qd6 37. Kd1 Qe6 38. Kd2 Qe7 39. g5 Nh5 40. Qxd5 Ng3 41.
Kd3 Qc7 42. f4 Qc8 43. Kc2 b5 44. a3 Qh3 45. Qd8+ Kg7 46. Qd4+ Kf8 47. Nd5 Qg2+
48. Qd2 Qh1 49. Nf6 Qc6+ 50. Kb2 Ke7 51. e4 Qd6 52. Qe3 Kd8 53. Nd5 Nh5 54. Qa7
Nxf4 55. Qa8+ Kd7 56. Nf6+ Ke6 57. Qe8+ Qe7 58. Qc8+ Ke5 59. Qc3+ Ke6 60. Qc8+
Ke5 61. Qxa6 Nd3+ 62. Ka2 Kd4 63. Qxb5 Qc7 64. Qa4+ Ke5 65. Qb5+ Kd4 66. Qd7+
Qxd7 67. Nxd7 Kc3 68. b4 Kc4 69. Nc5 Nf2 70. e5 Ng4 71. e6 fxe6 72. Nxe6 Ne5 73.
Kb2 Nf7 74. Kc2 Kd5 75. Nf4+ Kc4 76. Nxg6 Nxg5 77. Ne5+ Kd4 78. Nc6+ Kc4 79.
Na5+ Kd4 80. Nb3+ Kc4 81. Nd2+ Kd4 82. Kb3 Ne6 83. a4 Kd3 84. Nf3 1-0